Asymptotic theory of statistical inference /

Guardado en:
Autor Principal: Prakasa Rao, B. L. S.
Formato: Libro
Idioma:English
Publicado: New York : Wiley, c1987.
Series:Wiley series in probability and mathematical statistics. Probability and mathematical statistics,
Materias:
Etiquetas: Agregar Etiqueta
Sin Etiquetas, Sea el primero en etiquetar este registro!
LEADER 01146pam a2200229 a 4500
001 MAT.inmabb005288
008 860613s1987####nyu######b####001#0#eng##
005 20130319165431.0
245 1 0 |a Asymptotic theory of statistical inference /  |c B. L. S. Prakasa Rao. 
260 |a New York :  |b Wiley,  |c c1987. 
300 |a xiv, 438 p. ;  |c 24 cm. 
440 0 |a Wiley series in probability and mathematical statistics.  |p Probability and mathematical statistics,  |x 0271-2728 
504 |a Incluye referencias bibliográficas e índices. 
505 0 |a 1. Probability and stochastic processes -- 2. Limit theorems for some statistics -- 3. Asymptotic theory of estimation -- 4. Linear parametric inference -- 5. Martingale approach to inference -- 6. Inference in nonlinear regression -- 7. von Mises functionals -- 8. Empirical characteristic function and its applications. 
510 4 |a MR,  |c 88b:62001 
020 |a 0471843350 
100 1 |a Prakasa Rao, B. L. S. 
650 0 |a Mathematical statistics  |x Asymptotic theory. 
084 |a 62-02 (62F05 62F12 62G10)  |2 msc2000 
010 |a  86015735  
040 |a DLC  |c DLC  |d DLC 
859 |h 62  |i P898  |p A-7051  |b BIB. MATEMATICA